| 000 | 00451cam a22001457a 4500 | ||
|---|---|---|---|
| 008 | 180718b1979 xxu||||| |||| 00| 0 eng d | ||
| 082 | _aT31 Si64 | ||
| 100 | _aSingh, V.B. | ||
| 245 |
_aMultinational corporations and India _cby V.B. Singh |
||
| 260 |
_aNew Delhi _bSterling _c1979 |
||
| 300 | _a161p. | ||
| 650 | _aCorporations, Foreign --India. | ||
| 650 | _aInternational business enterprises --India | ||
| 650 | _aInternational business enterprises | ||
| 999 |
_c353549 _d353549 |
||